| 000 | 00643nam a22002177a 4500 | ||
|---|---|---|---|
| 003 | BUBTL | ||
| 008 | 221212b ||||| |||| 00| 0 eng d | ||
| 020 | _a0415222311 | ||
| 082 | _a821.8/ H317r/ 2002 | ||
| 100 |
_95046 _aHawlin, Stefan |
||
| 245 |
_aRobert Browning / _cStefan Hawlin |
||
| 250 | _a1st Edn. | ||
| 260 |
_aLondon: _bRoutledge, _cc2002 |
||
| 300 |
_aix, 222 p. : _c22 cm. |
||
| 500 | _aIncludes Bibliography and Index | ||
| 505 | _aRobert Browning, Stefan Hawlin, English, English Literature | ||
| 650 | 0 |
_91994 _aEnglish Literature |
|
| 856 |
_k0 _l0 _yDownload |
||
| 942 |
_2ddc _cBK |
||
| 999 |
_c6865 _d6865 |
||